000 00308nam a2200133Ia 4500
008 190216s9999||||xx |||||||||||||| ||und||
100 _aSoman. K
245 0 _aGanithasastrabodhanam
250 _a1st Ed.
260 _bKerala Bhasha Institute
_c1970
300 _a313
650 _aMathematics
942 _cBK
999 _c37528
_d37528